000 00303nam a2200121Ia 4500
008 220901s9999||||xx |||||||||||||| ||und||
082 _a518 BAL
100 _aBalaram, P.
245 0 _aCurrent science
250 _aVol.77 Issue 9, 10 & 12
260 _bIndian Academy Science
_c2001
650 _aPhysics
999 _c193948
_d193948